000 00436nam a2200157 i 4500
001 102581
003 ES-MaACL
005 20230906183134.0
007 t|
008 051117s1972 sp ||||1| spa d
100 1 _aMerino, José Luis.
_980521
245 1 4 _aLas cartas boca arriba /
_cJosé Luis Merino.
260 _aBilbao :
_b[s.n.],
_c1972 (
_fGráf. Gonda)
300 _a190 p. ;
_c18 cm.
852 _aES-MaACL
_jC-44292
_bR.81657
999 _c102581
_d102581